| 000 | 00587nam a22001817a 4500 | ||
|---|---|---|---|
| 005 | 20250401115324.0 | ||
| 010 | _aENG-144334 | ||
| 020 |
_a9788193900109 _c160.00 |
||
| 035 | _aEN-127866 | ||
| 037 | _bDBAD | ||
| 082 | _a921 | ||
| 245 |
_aIndian Diaspora: _bTheory,Text and Criticism/ _cEdited by Rohidas Dhakane |
||
| 250 | _a1 | ||
| 260 |
_aPune _bSnehavardhan _c2018 |
||
| 270 |
_a863, Sadashiv Peth, Behind Mahatma Phule Sabhagruh _bPune _e411030 _k020-24472549 _k020-24436961 _msneha1tawre@gmail.com |
||
| 300 |
_a140p. _c21cm (pb) |
||
| 942 |
_2ddc _cEN _h921 _mIND |
||
| 999 |
_c210588 _d210588 |
||